000 00736cam a22002294a 4500
020 _a0813539560 (hardcover : alk. paper)
020 _a0813539579 (pbk. : alk. paper)
020 _a9780813539560
020 _a9780813539577
040 _cDLC
082 0 0 _a323 RUP 2007 C151 Or.
100 1 _aCaldwell, Kia Lilly,
245 1 0 _aNegras in Brazil :
_bre-envisioning black women, citizenship, and the politics of identity /
260 _aNew Brunswick, N.J. :
_bRutgers University Press,
_cc2007.
300 _axxii, 226 p. :
_bill. ;
_c23 cm.
650 0 _aWomen, Black
650 0 _aWomen, Black
650 0 _aFeminism
650 0 _aBlacks
856 4 1 _uhttp://www.loc.gov/catdir/toc/ecip0612/2006013357.html
942 _cAEDBB
999 _c18687
_d18687